<?xml version="1.0" encoding="UTF-8"?>
<collection xmlns="http://www.loc.gov/MARC21/slim">
 <record>
  <leader>01639pam a22003138a 4500</leader>
  <controlfield tag="001">00030307</controlfield>
  <controlfield tag="005">20171026081022.0</controlfield>
  <controlfield tag="008">130111s2008                  ||||||engsd</controlfield>
  <datafield tag="020" ind1="#" ind2="#">
   <subfield code="a">978052169285-4</subfield>
  </datafield>
  <datafield tag="041" ind1="0" ind2="#">
   <subfield code="a">eng</subfield>
  </datafield>
  <datafield tag="082" ind1="1" ind2="4">
   <subfield code="a">428</subfield>
   <subfield code="b">L207S</subfield>
  </datafield>
  <datafield tag="100" ind1="1" ind2="#">
   <subfield code="a">Jones, Leo</subfield>
  </datafield>
  <datafield tag="245" ind1="1" ind2="0">
   <subfield code="a">Let’s talk 2</subfield>
   <subfield code="b">Teacher's Manual</subfield>
   <subfield code="c">Leo Jones</subfield>
  </datafield>
  <datafield tag="250" ind1="#" ind2="#">
   <subfield code="a">2nd ed</subfield>
  </datafield>
  <datafield tag="260" ind1="#" ind2="#">
   <subfield code="a"> New York</subfield>
   <subfield code="b">Cambridge University Press</subfield>
   <subfield code="c">2008</subfield>
  </datafield>
  <datafield tag="300" ind1="#" ind2="#">
   <subfield code="a">xiii, 244 p.</subfield>
   <subfield code="b"> ill.</subfield>
   <subfield code="c">25 cm.</subfield>
   <subfield code="e">1 CD</subfield>
  </datafield>
  <datafield tag="653" ind1="#" ind2="#">
   <subfield code="a">Anh ngữ thực hành</subfield>
  </datafield>
  <datafield tag="653" ind1="#" ind2="#">
   <subfield code="a">Ngữ pháp</subfield>
  </datafield>
  <datafield tag="653" ind1="#" ind2="#">
   <subfield code="a">Từ vựng</subfield>
  </datafield>
  <datafield tag="653" ind1="#" ind2="#">
   <subfield code="a">Tiếng Anh</subfield>
  </datafield>
  <datafield tag="852" ind1="#" ind2="#">
   <subfield code="b">Kho giáo trình</subfield>
   <subfield code="j">KGT.0035819, KGT.0035820, KGT.0035821, KGT.0035822, KGT.0035823, KGT.0035824, KGT.0035825, KGT.0035826, KGT.0035849, KGT.0035850, KGT.0035851, KGT.0035852, KGT.0035853, KGT.0035854, KGT.0035855, KGT.0035856, KGT.0035857, KGT.0035858, KGT.0035859, KGT.0035860, KGT.0035861, KGT.0035862, KGT.0035863, KGT.0035864, KGT.0035865, KGT.0035866, KGT.0035867, KGT.0035868, KGT.0035869</subfield>
  </datafield>
  <datafield tag="852" ind1="#" ind2="#">
   <subfield code="b">Kho mượn</subfield>
   <subfield code="j">KGT.0035819</subfield>
  </datafield>
  <datafield tag="852" ind1="#" ind2="#">
   <subfield code="j">KGT.0035851</subfield>
   <subfield code="j">KGT.0035852</subfield>
   <subfield code="j">KGT.0035854</subfield>
   <subfield code="j">KGT.0035855</subfield>
   <subfield code="j">KGT.0035859</subfield>
   <subfield code="j">KGT.0035860</subfield>
   <subfield code="j">KGT.0035862</subfield>
   <subfield code="j">KGT.0035863</subfield>
   <subfield code="j">KGT.0035865</subfield>
   <subfield code="j">KGT.0035868</subfield>
   <subfield code="j">KGT.0035820</subfield>
   <subfield code="j">KGT.0035821</subfield>
   <subfield code="j">KGT.0035823</subfield>
   <subfield code="j">KGT.0035825</subfield>
   <subfield code="j">KGT.0035826</subfield>
   <subfield code="j">KD.0014323</subfield>
   <subfield code="j">KGT.0035819</subfield>
   <subfield code="j">KGT.0035849</subfield>
   <subfield code="j">KGT.0035857</subfield>
   <subfield code="j">KGT.0035858</subfield>
   <subfield code="j">KGT.0035866</subfield>
   <subfield code="j">KGT.0035867</subfield>
   <subfield code="j">KGT.0035822</subfield>
   <subfield code="j">KGT.0035824</subfield>
   <subfield code="j">KGT.0035850</subfield>
   <subfield code="j">KGT.0035853</subfield>
   <subfield code="j">KGT.0035856</subfield>
   <subfield code="j">KGT.0035861</subfield>
   <subfield code="j">KGT.0035864</subfield>
   <subfield code="j">KGT.0035869</subfield>
  </datafield>
  <datafield tag="852" ind1="#" ind2="#">
   <subfield code="b">Kho đọc</subfield>
   <subfield code="j">KD.0014323</subfield>
  </datafield>
  <datafield tag="910" ind1=" " ind2=" ">
   <subfield code="d">11/01/2013</subfield>
  </datafield>
  <datafield tag="980" ind1="#" ind2="#">
   <subfield code="a">Trung tâm Học liệu Lê Vũ Hùng, Trường Đại học Đồng Tháp</subfield>
  </datafield>
 </record>
</collection>
